Kvalita práce v spoločnom stravovaní a cesty jej zefektívnenia Zborník. Štrbské Pleso, hotel Patria 2.-3.12.1986

Guardado en:
Detalles Bibliográficos
Formato: Libro
Lenguaje:eslovaco
Publicado: Banská Bystrica Dom techn. ČSVTS 1986
Edición:1. vyd.
Etiquetas: Agregar Etiqueta
Sin Etiquetas, Sea el primero en etiquetar este registro!

MARC

LEADER 00000nam a2200000 4500
001 c024823
005 20221219100551.2
041 0 |a slo 
044 |a SK 
245 1 0 |a Kvalita práce v spoločnom stravovaní a cesty jej zefektívnenia  |b Zborník. Štrbské Pleso, hotel Patria 2.-3.12.1986 
250 |a 1. vyd. 
264 1 |a Banská Bystrica  |b Dom techn. ČSVTS  |c 1986 
300 |a 128 s.